Mot mystérieux - Série 42 - Statistiques

Statistiques générales
  • Ce quiz a été pris 68 fois
  • Le résultat moyen est 7 sur 10
Statistiques - réponses
Indices Mot % Correct
bonnet - coq - dos - bâté âne
90%
postal - sélectif - croissant - centre tri
85%
luron - pinson - vin - savoir gai
80%
camping - ramassage - jacking - ferry car
77%
conseil - faux - prix - vieil ami
73%
famille - commun - propre - domaine nom
72%
artillerie - pigeon - champ - corde tir
58%
prix - gamme - caisse - laine bas
55%
raisin - pied - biscuit - saucisson sec
50%
bénéfice - coeur - impôt - vendeur net
28%
Aucun quiz correspondant
Distribution des résultats
% des personnes avec chaque résultat
Percentile par nombre de réponses
Votre historique - résultats
Vous n’avez pas pris ce quiz